<?xml version="1.0" encoding="UTF-8"?><?xml-stylesheet type="text/xsl" href="static/style.xsl"?><OAI-PMH xmlns="http://www.openarchives.org/OAI/2.0/" xmlns:xsi="http://www.w3.org/2001/XMLSchema-instance" xsi:schemaLocation="http://www.openarchives.org/OAI/2.0/ http://www.openarchives.org/OAI/2.0/OAI-PMH.xsd"><responseDate>2026-04-13T07:04:58Z</responseDate><request verb="GetRecord" identifier="oai:www.recercat.cat:2445/208349" metadataPrefix="marc">https://recercat.cat/oai/request</request><GetRecord><record><header><identifier>oai:recercat.cat:2445/208349</identifier><datestamp>2025-12-04T22:34:28Z</datestamp><setSpec>com_2072_1057</setSpec><setSpec>col_2072_478917</setSpec><setSpec>col_2072_478931</setSpec></header><metadata><record xmlns="http://www.loc.gov/MARC21/slim" xmlns:dcterms="http://purl.org/dc/terms/" xmlns:xsi="http://www.w3.org/2001/XMLSchema-instance" xmlns:doc="http://www.lyncode.com/xoai" xsi:schemaLocation="http://www.loc.gov/MARC21/slim http://www.loc.gov/standards/marcxml/schema/MARC21slim.xsd">
   <leader>00925njm 22002777a 4500</leader>
   <datafield ind2=" " ind1=" " tag="042">
      <subfield code="a">dc</subfield>
   </datafield>
   <datafield ind2=" " ind1=" " tag="720">
      <subfield code="a">Pereda Beltran, Noemí</subfield>
      <subfield code="e">author</subfield>
   </datafield>
   <datafield ind2=" " ind1=" " tag="260">
      <subfield code="c">2024-03-04T15:52:15Z</subfield>
   </datafield>
   <datafield ind2=" " ind1=" " tag="260">
      <subfield code="c">2024-03-04T15:52:15Z</subfield>
   </datafield>
   <datafield ind2=" " ind1=" " tag="260">
      <subfield code="c">2023</subfield>
   </datafield>
   <datafield ind2=" " ind1=" " tag="260">
      <subfield code="c">2024-03-04T15:52:15Z</subfield>
   </datafield>
   <datafield ind2=" " ind1=" " tag="520">
      <subfield code="a">El objetivo de la presente revisión es analizar, mediante las estimaciones realizadas en estudios previos, los costes de atención médica, física y mental, las pérdidas de productividad, los costes para el sistema de protección infantil y los costes para el sistema de justicia penal de la violencia contra la infancia y la adolescencia, con especial énfasis en la violencia sexual. Los estudios revisados confirman que la violencia en etapas tempranas del desarrollo se asocia con un mayor uso de los servicios de salud y de otros recursos, que suponen una importante inversión pública a tener en cuenta. Estos trabajos presentan limitaciones que derivan de los datos incompletos o poco fiables incluidos respecto a la mortalidad y la morbilidad vinculadas a la violencia contra la infancia y que suponen estimaciones variables de sus costes, que oscilan en España de 17 mil millones de euros para las experiencias adversas en la infancia, a cerca de 1.000 millones de euros para la violencia sexual. Es necesario disponer de datos fiables sobre los costes de la violencia en la infancia para tomar decisiones mejor informadas sobre la inversión económica en su prevención y tratamiento, así como concienciar sobre su escala e impacto.</subfield>
   </datafield>
   <datafield tag="653" ind2=" " ind1=" ">
      <subfield code="a">Maltractament infantil</subfield>
   </datafield>
   <datafield tag="653" ind2=" " ind1=" ">
      <subfield code="a">Adolescents maltractats</subfield>
   </datafield>
   <datafield tag="653" ind2=" " ind1=" ">
      <subfield code="a">Capital social (Sociologia)</subfield>
   </datafield>
   <datafield tag="653" ind2=" " ind1=" ">
      <subfield code="a">Sociologia</subfield>
   </datafield>
   <datafield tag="653" ind2=" " ind1=" ">
      <subfield code="a">Child abuse</subfield>
   </datafield>
   <datafield tag="653" ind2=" " ind1=" ">
      <subfield code="a">Abused teenagers</subfield>
   </datafield>
   <datafield tag="653" ind2=" " ind1=" ">
      <subfield code="a">Social capital (Sociology)</subfield>
   </datafield>
   <datafield tag="653" ind2=" " ind1=" ">
      <subfield code="a">Sociology</subfield>
   </datafield>
   <datafield ind2="0" ind1="0" tag="245">
      <subfield code="a">El coste social de la violencia contra la infancia y la adolescencia</subfield>
   </datafield>
   <datafield ind2="0" ind1="0" tag="245">
      <subfield code="a">The Social Cost of Violence Against Children and Youth</subfield>
   </datafield>
</record></metadata></record></GetRecord></OAI-PMH>